MDQL
is popping MORE tags! Check the
thread
!
Quizzes
Events
Quiz Creation
Community
Videos
Private Events
Remove Ads
Sign In
Join for FREE
Feedback
Dark Mode
Quiz Categories
Sports
Geography
Music
Movies
Television
Just For Fun
Miscellaneous
History
Literature
Language
Science
Gaming
Entertainment
Religion
Holiday
For Kids
Quiz Lab
Recent
Popular Today
Quiz Kudos Today
Editor Picks
Curator Picks
Quizzes by...
Day
Popularity
Type
Ratings
Length
Year
Community
Subscriptions
Recent Discussions
Orange Saloon
Badges
Playlists
Quests
Create
Leaderboards
Showdown
Live 5
Trivia Bingo
Activity
Puzzle Library
Sporcle Events
Private Events
Virtual Trivia
Globe League
Become a Host
Pub Owners
SporcleCon
Opinionation
Our Games
Videos
Blog
Mobile Apps
Partnerships
Remove Ads and Go Orange
Feedback
Miscellaneous
Crossword
General Knowledge
Baby Names
Logo
Food
Cars
Numbers
Grab Bag
University
College
Popular
Company
Slogans
Restaurants
Justice
Letter
Miscellaneous
Crossword
General Knowledge
Baby Names
Logo
Food
Cars
Numbers
Grab Bag
University
College
Popular
Company
Slogans
Restaurants
Justice
Letter
Random Quiz
Search Sporcle
×
Quiz Lab
Quiz Lab
Miscellaneous
Color
Type in answers that appear in a list
Type in answers that appear in a list
Classic
Best Score? Go Orange.
Crayola State Crayons Stats
Can you name the states based off of the Crayola crayon named after them?
By
biondelliot
4m
50 Questions
83 Plays
83 Plays
83 Plays
Comments
Comments
Give Quiz Kudos
Give Quiz Kudos
-
- Ratings
hide this ad
Forced Order
Answers have to be entered in order
Answers have to be entered in order
Random Order
Randomize order of answers
Randomize order of answers
Replay
Link that replays current quiz
Next Quiz
Link to next quiz in quiz playlist
You Got
0%
They Got
Avg Score
49%
Avg Friend Score
Upgrade to see
Score Distribution
Jump to the score distribution portion of the page
Score
0/50
Timer
04:00
0
Plays Today
Color
State
% Correct
Las Vegas Lights
Nevada
75.9%
Sweet (State Name) Peach
Georgia
73.5%
Sacra-
mint-
o
California
72.3%
Aloha Aquamarine
Hawaii
71.1%
Lady Liberty
New York
71.1%
Lobster Red
Maine
69.9%
Boston Tea Party
Massachusetts
69.9%
Remarkable Mount Rushmore
South Dakota
69.9%
Moovalous Cheese
Wisconsin
68.7%
Alligator Alley
Florida
67.5%
Space Needle
Washington
65.1%
Kodiak Bear Brown
Alaska
62.7%
10,000 Lakes of Blue
Minnesota
60.2%
Yellow Brick Road
Kansas
60.2%
Abe Lincoln's Hat
Illinois
60.2%
Alamo a la Mode
Texas
60.2%
Grand Tanyon
Arizona
59%
(State Name) Trail
Oregon
59%
Maple Syrup
Vermont
57.8%
Cornhusker Yellow
Nebraska
55.4%
Cajun Crawfish Orange
Louisiana
54.2%
First State Fuchsia
Delaware
54.2%
Tater Tan
Idaho
54.2%
Archway Gray
Missouri
53%
Yellowstone
Wyoming
53%
Color
State
% Correct
Fort Knox Gold
Kentucky
50.6%
Boardwalk
New Jersey
50.6%
Pikes Peak Purple
Colorado
49.4%
Big Sky
Montana
48.2%
Motown Blues
Michigan
47%
Williamsburgandy
Virginia
47%
Bee-
(State Name)-
ful
Utah
44.6%
A-
maize-
ing (State Name)
Iowa
43.4%
Rock 'n Roll Raspberry
Ohio
42.2%
Independence Indigo
Pennsylvania
41%
Heart of Dixie
Alabama
37.3%
(State Name) Mud Pie
Mississippi
37.3%
Panhandle Paintbrush
Oklahoma
37.3%
Newport Jazzberry Festival
Rhode Island
36.1%
Old Man Granite Gray
New Hampshire
34.9%
Coal Miner
West Virginia
32.5%
Francis Scott Kiwi
Maryland
31.3%
Chile Pepper Red
New Mexico
31.3%
Hog Wild Red
Arkansas
27.7%
Palmetto
South Carolina
26.5%
Grape Hatteras
North Carolina
25.3%
(State Name)ppleous Red
Indiana
25.3%
Nutmeg
Connecticut
20.5%
Wild Prairie Rose
North Dakota
20.5%
(Part of State Name)sienna
Tennessee
14.5%
Quiz Playlist
Details
Report
Send in Message
Add To Playlist
Classic:
Type in answers that appear in a list
Forced Order:
Answers have to be entered in order
Random Order:
Randomize order of answers
Last Updated: Feb 16, 2017
Quiz Scoreboard
CHALLENGE
Sign Up to Join the Scoreboard
Show All
Scores
Hide
Comments
May contain spoilers
Recently Published
5x2 Blitz: Bands
by SL_Kpop136
Music
30s
Colored Red Africa Blitz
by spor1
Geography
30s
Find the 'City' Movie
by crazypaving
Movies
60s
More to Explore
Quiz From the Vault
Featured Blog Post
14 Easter Pick-up Lines to Find Eggs With
hide this ad
You Might Also Like...
Tags
Color Quiz
State Quiz
Crayola
Crayon
Today's Top Quizzes in Miscellaneous
Browse Miscellaneous
hide this ad
Today's Top Quizzes in Color
Browse Color
Top Contributed Quizzes in Miscellaneous
1
5-to-1: Fast Food
2
9x9 Crossword: Disney Movie Titles
3
9x9 Crossword: Charlie and the Chocolate Factory
4
9x9 Crossword: Halloween
5
The JOE quick-fire general knowledge quiz: Day 174
6
Picture Click Blitz: Airline Logos
7
9x9 Crossword: 2022 Movies
8
9x9 Crossword: Toy Story
9
9x9 Crossword: The Simpsons
10
random perfect cubes 1-30
Explore More
Trending Topics
Disney
Anime
Crossword
Kpop
NBA
Marvel
Harry Potter
Puzzle
Pokémon
NFL
WWE
Country
Song
The Office
Soccer
hide this ad
More By:
biondelliot
Quiz
Plays
Rating
Category
Featured
Created
Memorable Disney Taglines
103,402
4.31
Movies
Feb 4, 2010
Percy Jackson Half Bloods (First Name)
12,037
3.68
Literature
Dec 2, 2009
Presidents' Nicknames
936
3.08
History
Dec 25, 2009
Disney Male Leads
784
3.83
Movies
Dec 24, 2009
Presidential Trivia
476
4.83
History
Dec 25, 2009
Go to Creator's Profile
Score Distribution
Quiz Creator Spotlight
biondelliot
Follow
Send a Message
Quizzes Created
-
Created Quiz Play Count
-
More By This Creator
Popular Quizzes Today
1
5x2 Blitz: Bands
2
Find the 'City' Movie
3
Find the US States - No Outlines Minefield
4
Colored Red Africa Blitz
5
The Countries of the World
6
Find the US States
7
Risky Map Clicking: Biggest States A-Z
8
9x9 Crossword: Cartoon Network
More Miscellaneous Quizzes
Logo Typing Challenge
Published
Trending Quizzes
Colored Red Africa Blitz II
Colored Red Europe Blitz I
Find the 'Dark' Movie
Find the 'Day' Movie
Find the 'Good' Movie
Recently Updated
Champions League XIs: Real Madrid
pecheneg
Largest US Cities 1790-2010
pecheneg
Rides in Walt Disney World
pecheneg
Most Oscar Losses (Acting)
pecheneg
Beyoncé Albums
pecheneg
Leaping Animals
pecheneg
Reality TV Shows (A-Z)
bhenderson79
Rickey Henderson's Hall of Fame Teammates
pecheneg
Champions League XIs: Arsenal
pecheneg
Quick Pick: Celebrities in WWE's Hall of Fame
aduchscher
Trending Topics
Kpop
Disney
Harry Potter
NBA
Anime
Marvel
Crossword
Country
NFL
Puzzle
The Office
Pokémon
WWE
Song
Soccer
Your Account Isn't Verified!
In order to create a playlist on Sporcle, you need to verify the email address you used during registration. Go to your
Sporcle Settings
to finish the process.
Report this User
Report this user for behavior that violates our
Community Guidelines
.
Details:
Send Report
Go to the Sporcle.com Mobile Site →
Comments